[Event "Moscow op-F (Women)"]
[Site "Moscow"]
[Date "2011.02.05"]
[Round "8"]
[White "Travkina, Anastasia"]
[Black "Sysoykina, Lidia"]
[Result "1-0"]
[WhiteElo "2189"]
[BlackElo "1943"]
[PlyCount "81"]
[EventDate "2011.01.29"]
[EventType "swiss"]
[EventRounds "9"]
[EventCountry "RUS"]
[SourceTitle "CBM 140 Extra"]
[Source "ChessBase"]
[SourceDate "2011.03.01"]
[SourceVersion "1"]
[SourceVersionDate "2011.03.01"]
[SourceQuality "1"]

1. e4 e5 2. Nf3 Nc6 3. Bb5 g6 4. 0-0 Bg7 5. d3 Nge7 6. Bg5 h6 7. Bh4 g5 8. Bg3 0-0 9. Nc3 d6 10. a4 Bg4 11. h3 Bh5 12. Bh2 Nd4 13. g4 Bg6 14. Bc4 Nec6 15. Nd2 Ne6 16. Ne2 Nf4 17. Nxf4 gxf4 18. c3 Qh4 19. Kg2 h5 20. b4 Kh8 21. b5 Nd8 22. f3 c6 23. bxc6 bxc6 24. Rb1 Bh6 25. Qe1 Qe7 26. Ba6 d5 27. Bg1 hxg4 28. hxg4 f5 29. exf5 Bxf5 30. Bf2 Bg6 31. Rh1 Kg7 32. Nb3 e4 33. Bc5 exf3+ 34. Kxf3 Qxe1 35. Bxf8+ Kxf8 36. Rhxe1 Nf7 37. Nd4 Ng5+ 38. Kf2 c5 39. Ne6+ Nxe6 40. Rxe6 Kf7 41. Rc6 1-0

[Event "Moscow op-F (Women)"]
[Site "Moscow"]
[Date "2011.01.31"]
[Round "3"]
[White "Anfinogenova, Anastasiya"]
[Black "Sysoykina, Lidia"]
[Result "0-1"]
[WhiteElo "1708"]
[BlackElo "1943"]
[PlyCount "68"]
[EventDate "2011.01.29"]
[EventType "swiss"]
[EventRounds "9"]
[EventCountry "RUS"]
[SourceTitle "CBM 140 Extra"]
[Source "ChessBase"]
[SourceDate "2011.03.01"]
[SourceVersion "1"]
[SourceVersionDate "2011.03.01"]
[SourceQuality "1"]

1. e4 e5 2. Nf3 Nc6 3. Bb5 a6 4. Ba4 Nf6 5. 0-0 Be7 6. Re1 b5 7. Bb3 d6 8. h3 0-0 9. c3 Nb8 10. d4 Nbd7 11. Nbd2 Bb7 12. Bc2 Re8 13. d5 c6 14. dxc6 Bxc6 15. Nf1 Bf8 16. Bg5 h6 17. Bh4 Qc7 18. Bg3 Nc5 19. N1d2 Rad8 20. Qb1 Nh5 21. Bh2 g6 22. Nf1 Bg7 23. b4 Ne6 24. Ne3 Nef4 25. Qb3 Qb7 26. Nd2 d5 27. f3 d4 28. Nd1 d3 29. Bb1 Ne2+ 30. Kf1 Qb6 31. Rxe2 dxe2+ 32. Kxe2 Nf4+ 33. Bxf4 exf4 34. Nf2 Qe3+ 0-1

[Event "Moscow-ch U18"]
[Site "Moscow"]
[Date "2010.12.09"]
[Round "9"]
[White "Grigoryeva, Olga A"]
[Black "Sysoykina, Lidia"]
[Result "1-0"]
[WhiteElo "2054"]
[BlackElo "1943"]
[PlyCount "57"]
[EventDate "2010.11.21"]
[EventType "swiss"]
[EventRounds "9"]
[EventCountry "RUS"]
[SourceTitle "EXT 2012"]
[Source "ChessBase"]
[SourceDate "2011.11.24"]
[SourceVersion "1"]
[SourceVersionDate "2011.11.24"]
[SourceQuality "1"]

1. c4 e5 2. Nc3 d6 3. g3 f5 4. Bg2 c6 5. e3 Nf6 6. Nge2 Be7 7. 0-0 0-0 8. d3 a5 9. Rb1 Nbd7 10. a3 Nb6 11. b4 axb4 12. axb4 d5 13. c5 Nbd7 14. d4 e4 15. b5 g5 16. Qb3 Rf7 17. Bd2 Nh5 18. Ra1 Rb8 19. Ra7 f4 20. exf4 gxf4 21. Nxf4 Nxc5 22. dxc5 Bxc5 23. Raa1 Qg5 24. bxc6 Nxg3 25. hxg3 Qxg3 26. Qxd5 Bb6 27. Nxe4 bxc6 28. Nxg3 cxd5 29. Bxd5 1-0

[Event "Dmitrov op"]
[Site "Dmitrov"]
[Date "2010.08.15"]
[Round "3"]
[White "Kalinin, Nikita"]
[Black "Sysoykina, Lidia"]
[Result "0-1"]
[WhiteElo "2060"]
[BlackElo "1965"]
[PlyCount "118"]
[EventDate "2010.08.14"]
[EventType "swiss"]
[EventRounds "9"]
[EventCountry "RUS"]
[SourceTitle "CBM 138 Extra"]
[Source "ChessBase"]
[SourceDate "2010.10.29"]
[SourceVersion "1"]
[SourceVersionDate "2010.10.29"]
[SourceQuality "1"]

1. e4 e5 2. Nf3 Nc6 3. Bc4 Nf6 4. d3 Be7 5. c3 d6 6. Nbd2 0-0 7. h3 h6 8. 0-0 Nh7 9. Re1 Ng5 10. Nf1 Nxf3+ 11. Qxf3 Bg5 12. Ng3 Na5 13. Bb5 c6 14. Ba4 b5 15. Bc2 Bxc1 16. Raxc1 g6 17. b4 Nb7 18. d4 Qe7 19. Bb3 a5 20. Red1 a4 21. Bc2 Be6 22. d5 cxd5 23. exd5 Bd7 24. Qe3 Kg7 25. Bd3 f5 26. Nf1 e4 27. f3 Rae8 28. fxe4 fxe4 29. Re1 Qe5 30. Bxe4 Rf4 31. Qd4 Qxd4+ 32. cxd4 Rfxe4 33. Rxe4 Rxe4 34. Rc7 Re7 35. Rxb7 Kf7 36. Kf2 Be8 37. Rb6 Re4 38. Rxd6 Rxd4 39. Re6 Rxb4 40. Re2 Rf4+ 41. Ke1 b4 42. Nd2 Rd4 43. Re4 Rxe4+ 44. Nxe4 a3 45. Kd2 b3 46. Nc3 bxa2 47. Nxa2 Ke7 48. Kc3 Bf7 49. Nb4 Kd6 50. g3 Bxd5 51. Nc2 a2 52. Kd4 Be6 53. h4 Bb3 54. Na1 Bd1 55. Ke4 Ke6 56. Kf4 Kd5 57. g4 Kd4 58. g5 hxg5+ 59. hxg5 Kc3 0-1

[Event "Kimry"]
[Site "Kimry"]
[Date "2009.08.25"]
[Round "10"]
[White "Sysoykina, Lidia"]
[Black "Jarulina, Dinara"]
[Result "1/2-1/2"]
[WhiteElo "1974"]
[BlackElo "2163"]
[PlyCount "131"]
[EventDate "2009.08.21"]
[EventType "tourn"]
[EventRounds "11"]
[EventCountry "RUS"]
[SourceTitle "CBM 132 Extra"]
[Source "ChessBase"]
[SourceDate "2009.11.03"]
[SourceVersion "1"]
[SourceVersionDate "2009.11.03"]
[SourceQuality "1"]

1. e4 c5 2. Nf3 e6 3. d4 cxd4 4. Nxd4 a6 5. Nc3 Qc7 6. Bd3 Nc6 7. Nxc6 dxc6 8. Be3 Nf6 9. 0-0 e5 10. f3 Be6 11. Qe2 Be7 12. a4 c5 13. Bc4 Bxc4 14. Qxc4 b6 15. Rfd1 0-0 16. b4 Rfc8 17. b5 a5 18. Bg5 Qb7 19. Bxf6 Bxf6 20. Nd5 Bg5 21. Rd3 Rd8 22. Rad1 Rac8 23. Kf1 Kf8 24. Ke2 Qb8 25. Nc3 Rd4 26. Qa2 c4 27. R3d2 Bxd2 28. Rxd2 Qd6 29. Nd5 Rxd2+ 30. Kxd2 Qc5 31. Ke2 Rd8 32. c3 f5 33. Qd2 h6 34. Qe3 Qxe3+ 35. Kxe3 f4+ 36. Ke2 Rd6 37. g3 g5 38. gxf4 gxf4 39. Kf2 Kf7 40. Nc7 Rd3 41. Na8 Rxc3 42. Nxb6 Rc2+ 43. Ke1 c3 44. Nc4 Rc1+ 45. Ke2 c2 46. Kd2 Ra1 47. Kxc2 Rxa4 48. Nxe5+ Kf6 49. Nd3 Kg5 50. Kb3 Rd4 51. Kc3 Rd8 52. Ne5 Rb8 53. Kc4 a4 54. Nf7+ Kf6 55. Nxh6 a3 56. Ng4+ Kg5 57. Kb3 Rxb5+ 58. Kxa3 Rb1 59. Ne5 Rh1 60. Kb3 Rxh2 61. Kc3 Kh4 62. Nc6 Kg3 63. Nd4 Ra2 64. e5 Ra5 65. e6 Re5 66. Kd3 1/2-1/2

[Event "RUS-ch U14 Girls"]
[Site "Dagomys"]
[Date "2009.04.19"]
[Round "5"]
[White "Zavialova, Ekaterina"]
[Black "Sysoykina, Lidia"]
[Result "0-1"]
[WhiteElo "1785"]
[BlackElo "1959"]
[PlyCount "84"]
[EventDate "2009.04.15"]
[EventType "swiss"]
[EventRounds "9"]
[EventCountry "RUS"]
[SourceTitle "CBM 130 Extra"]
[Source "ChessBase"]
[SourceDate "2009.07.02"]
[SourceVersion "2"]
[SourceVersionDate "2009.07.15"]
[SourceQuality "1"]

1. e4 e5 2. Nf3 Nc6 3. Nc3 Nf6 4. d4 exd4 5. Nxd4 d6 6. f3 Be7 7. Be3 0-0 8. Qd2 Nxd4 9. Bxd4 Be6 10. g4 c6 11. h4 b5 12. h5 Nd7 13. Be2 b4 14. Nd1 c5 15. Bf2 Nb6 16. f4 a5 17. g5 d5 18. e5 d4 19. Bf3 Bd5 20. Qe2 Qd7 21. Qd3 c4 22. Qe2 Qc6 23. Rh3 Bxf3 24. Qxf3 Qd7 25. Rg3 Rad8 26. c3 Bc5 27. Qe4 dxc3 28. bxc3 Qd2+ 29. Kf1 Bxf2 30. Nxf2 Qd5 31. cxb4 axb4 32. f5 Qxe4 33. Nxe4 Rfe8 34. e6 fxe6 35. fxe6 Rxe6 36. Nc5 Re5 37. Na6 Nd5 38. a4 b3 39. Rb1 c3 40. Rxb3 c2 41. Rbc3 Nxc3 42. Rxc3 Rd1+ 0-1

[Event "Moscow op (Women)"]
[Site "Moscow"]
[Date "2009.02.04"]
[Round "5"]
[White "Sukhareva, Valentina"]
[Black "Sysoykina, Lidia"]
[Result "0-1"]
[WhiteElo "2078"]
[BlackElo "1924"]
[PlyCount "130"]
[EventDate "2009.01.31"]
[EventType "swiss"]
[EventRounds "9"]
[EventCountry "RUS"]
[SourceTitle "EXT 2012"]
[Source "ChessBase"]
[SourceDate "2011.11.24"]
[SourceVersion "1"]
[SourceVersionDate "2011.11.24"]
[SourceQuality "1"]

1. d4 Nf6 2. Bg5 Ne4 3. Bh4 c5 4. f3 Nf6 5. dxc5 e6 6. Nc3 Bxc5 7. e4 Nc6 8. Nge2 Nxe4 9. Nxe4 Qxh4+ 10. N2g3 Qe7 11. Qd2 Bb4 12. c3 Bc5 13. Nh5 0-0 14. 0-0-0 f5 15. Nxc5 Qxc5 16. Qg5 Qe7 17. h4 f4 18. g3 Qxg5 19. hxg5 fxg3 20. f4 Ne7 21. Rd4 Nf5 22. Rd3 b6 23. Bg2 Rb8 24. Rg1 Rf7 25. Be4 Ba6 26. Bxf5 exf5 27. Rdxg3 Be2 28. Rh3 Bxh5 29. Rxh5 g6 30. Rh3 Re8 31. Kc2 Re4 32. Rh4 d5 33. b4 Rc7 34. Kb2 Re2+ 35. Kb3 Re3 36. Rd1 Rexc3+ 37. Kb2 Rc2+ 38. Kb1 R2c4 39. a3 d4 40. Rh2 Re7 41. Kb2 b5 42. Rdd2 Re4 43. Rh4 a6 44. Kb3 Re3+ 45. Kb2 d3 46. Kb3 Rf3 47. a4 Rcxf4 48. Rxf4 Rxf4 49. Rxd3 Re4 50. axb5 axb5 51. Rd5 f4 52. Rxb5 f3 53. Rb8+ Kf7 54. Rb7+ Ke6 55. Rb6+ Kf5 56. Rf6+ Kg4 57. b5 Rf4 58. Rxf4+ Kxf4 59. b6 f2 60. b7 f1Q 61. b8Q+ Kxg5 62. Qg3+ Kf5 63. Qc3 Qb5+ 64. Ka3 Ke4 65. Qh3 Qd3+ 0-1

[Event "Moscow op (Women)"]
[Site "Moscow"]
[Date "2009.02.03"]
[Round "4"]
[White "Romanenko, Ksenia"]
[Black "Sysoykina, Lidia"]
[Result "0-1"]
[WhiteElo "1400"]
[BlackElo "1924"]
[PlyCount "62"]
[EventDate "2009.01.31"]
[EventType "swiss"]
[EventRounds "9"]
[EventCountry "RUS"]
[SourceTitle "EXT 2012"]
[Source "ChessBase"]
[SourceDate "2011.11.24"]
[SourceVersion "1"]
[SourceVersionDate "2011.11.24"]
[SourceQuality "1"]

1. e4 e5 2. Nf3 Nc6 3. Bc4 Nf6 4. Nc3 Be7 5. d3 0-0 6. Be3 d6 7. h3 h6 8. 0-0 Nh7 9. Nd2 Bg5 10. Nd5 Na5 11. f4 exf4 12. Bxf4 c6 13. Bxg5 Nxg5 14. Ne3 Qb6 15. Qe1 Qxb2 16. Rb1 Qe5 17. Nf5 Bxf5 18. Rxf5 Qd4+ 19. Kh1 Nxc4 20. Nxc4 g6 21. Rf1 b6 22. Qg3 d5 23. exd5 Qxd5 24. h4 Ne6 25. Rf6 Ng7 26. Qf2 Nf5 27. Qd2 Nxh4 28. Kh2 b5 29. Qf2 Qh5 30. g3 Nf5+ 31. Kg2 bxc4 0-1

[Event "Moscow Petrosian Memorial U18"]
[Site "Moscow"]
[Date "2009.01.??"]
[Round "8"]
[White "Sysoykina, Lidia"]
[Black "Kirillov, Dmitry"]
[Result "1-0"]
[WhiteElo "1925"]
[BlackElo "1997"]
[PlyCount "91"]
[EventDate "2009.01.??"]
[EventType "swiss"]
[EventRounds "9"]
[EventCountry "RUS"]
[SourceTitle "EXT 2010"]
[Source "ChessBase"]
[SourceDate "2010.11.25"]
[SourceVersion "1"]
[SourceVersionDate "2010.11.25"]
[SourceQuality "1"]

1. e4 c5 2. Nf3 d6 3. d4 cxd4 4. Nxd4 Nf6 5. Nc3 a6 6. Be3 e6 7. f3 Be7 8. Qd2 b5 9. 0-0-0 Bb7 10. g4 Nc6 11. h4 Rc8 12. Qf2 b4 13. Na4 Nd7 14. Kb1 Qa5 15. b3 Nc5 16. Nxc6 Bxc6 17. Bxc5 dxc5 18. Nb2 Bb5 19. e5 0-0 20. Bc4 Qc7 21. Qe3 Rfd8 22. h5 h6 23. f4 Rxd1+ 24. Rxd1 Rd8 25. Rd3 Qc6 26. Qd2 Qh1+ 27. Qd1 Qxd1+ 28. Rxd1 Rxd1+ 29. Nxd1 Bxc4 30. bxc4 f6 31. Nf2 fxe5 32. fxe5 g6 33. Kb2 gxh5 34. gxh5 Bg5 35. Nd3 Be3 36. Kb3 Kf8 37. Ka4 Ke7 38. Ka5 Kd7 39. Kb6 Bd4 40. Kb7 a5 41. Kb6 a4 42. Kb5 Ke7 43. Kxa4 Bc3 44. Kb5 Bd4 45. Kc6 Kf7 46. Kd6 1-0

[Event "Moscow-ch (Women)"]
[Site "Moscow"]
[Date "2008.03.27"]
[Round "8"]
[White "Belkina, Oksana"]
[Black "Sysoykina, Lidia"]
[Result "1-0"]
[WhiteElo "1853"]
[BlackElo "1737"]
[PlyCount "63"]
[EventDate "2008.03.20"]
[EventType "swiss"]
[EventRounds "9"]
[EventCountry "RUS"]
[SourceTitle "CBM 123 Extra"]
[Source "ChessBase"]
[SourceDate "2008.05.06"]
[SourceVersion "1"]
[SourceVersionDate "2008.05.06"]
[SourceQuality "1"]

1. d4 Nf6 2. c4 c5 3. d5 e6 4. Bg5 exd5 5. cxd5 d6 6. Nc3 Be7 7. Nf3 0-0 8. e4 a6 9. Bd3 Nxd5 10. Nxd5 Bxg5 11. Bc2 Nd7 12. 0-0 Be7 13. Qd3 Ne5 14. Nxe5 dxe5 15. Qg3 Bd6 16. Rad1 Be6 17. Qd3 Qg5 18. Rfe1 Rad8 19. Re3 f5 20. Qb3 f4 21. Red3 b5 22. R3d2 c4 23. Qc3 Bg4 24. f3 Bc5+ 25. Kh1 Bd4 26. Qa3 Bd7 27. Qxa6 Bxb2 28. Nb6 Bd4 29. Nxd7 Rxd7 30. Qxb5 Rc7 31. Rxd4 Qe7 32. Rxc4 1-0

[Event "Moscow-ch (Women)"]
[Site "Moscow"]
[Date "2008.03.26"]
[Round "7"]
[White "Sysoykina, Lidia"]
[Black "Severina, Maria"]
[Result "1/2-1/2"]
[WhiteElo "1737"]
[BlackElo "1918"]
[PlyCount "152"]
[EventDate "2008.03.20"]
[EventType "swiss"]
[EventRounds "9"]
[EventCountry "RUS"]
[SourceTitle "CBM 123 Extra"]
[Source "ChessBase"]
[SourceDate "2008.05.06"]
[SourceVersion "1"]
[SourceVersionDate "2008.05.06"]
[SourceQuality "1"]

1. Nf3 Nf6 2. g3 d6 3. Bg2 e5 4. d3 Be7 5. 0-0 0-0 6. e4 Ne8 7. c3 a5 8. b3 c6 9. Bb2 Qc7 10. Nbd2 b6 11. a3 Nd7 12. b4 axb4 13. axb4 Rxa1 14. Qxa1 g6 15. d4 Ng7 16. c4 f6 17. d5 c5 18. b5 f5 19. h4 h6 20. Qc1 f4 21. Bh3 Kh7 22. Kg2 Qd8 23. Rh1 Nh5 24. Qd1 Qe8 25. Qe1 Ndf6 26. Bxc8 Qxc8 27. Nh2 Nd7 28. Ndf3 Qa8 29. Qa1 Qb7 30. Qd1 Qc7 31. Qa4 Rb8 32. Ra1 Qc8 33. Qa7 Rb7 34. Qa8 Rb8 35. Qc6 Qb7 36. Qxb7 Rxb7 37. Ra8 fxg3 38. fxg3 Nhf6 39. Nd2 h5 40. Kf3 Kg7 41. Ndf1 Kf7 42. Ne3 Kg7 43. Bc3 Kf7 44. Be1 Kg7 45. Ng2 Kf7 46. Bd2 Nh7 47. g4 Nhf6 48. g5 Nh7 49. Nf1 Nhf8 50. Ng3 Kg7 51. Ne3 Kf7 52. Bc3 Kg7 53. Ng2 Kf7 54. Ne1 Kg7 55. Nd3 Kf7 56. Nb2 Kg7 57. Na4 Kf7 58. Ne2 Kg7 59. Nf4 Kf7 60. Nd3 Kg7 61. Ndb2 Kf7 62. Bd2 Kg7 63. Nc3 Kf7 64. Ra1 Bd8 65. Ne2 Nb8 66. Nd3 Nbd7 67. Bc3 Be7 68. Kg3 Bd8 69. Ng1 Bc7 70. Nf3 Kg8 71. Ra8 Kf7 72. Nb2 Ke7 73. Nd1 Kf7 74. Ne3 Ke7 75. Nd2 Kf7 76. Ra1 Bd8 1/2-1/2